000 00334nam a22001457a 4500
008 221024b ||||| |||| 00| 0 eng d
020 _a9781555812690
041 _aeng
080 _2THIRD EDITION
_a610.73
082 _a610.73 GLI
100 _a8
101 _aINF
245 _aMOLECULAR BIOTECHNOLOGY
_cGLICK B
942 _2udc
_cBK
999 _c58661
_d58661